000 00769nam a2200277Ia 4500
001 dia_2977
003 CHAP
005 20251023171925.0
008 220117s2001 xx 000 0 und d
010 _a173481
020 _a84-7356-270-4
040 _cCHAP
082 _a658.15 N3
100 _aNavarro Garcia, Fernando
_9129165
245 _aEstrategias de Marketing Ferial /
_c por Fernando Navarro Garcia
260 _aMadrid, España :
_b ESIC Editorial,
_c2001
300 _a317 p.
503 _aC/e
650 _a1.Mercadeo
_9148054
650 _aDesarrollo económico
_932047
650 _aMercados
_974925
901 _a658.15 N3
902 _aM
905 _a0000002001 sp A 0000000000spa00
942 _cLIBRO
_2ddc
999 _c173481
_d173481